Industrial hydraulics (Record no. 7178)

000 -LEADER
fixed length control field 00551nam a2200205 i 4500
001 - CONTROL NUMBER
control field 7178
003 - CONTROL NUMBER IDENTIFIER
control field BD-DhUET
008 - FIXED-LENGTH DATA ELEMENTS--GENERAL INFORMATION
fixed length control field 780705s1979 nyua 001 0 eng
020 ## - INTERNATIONAL STANDARD BOOK NUMBER
International Standard Book Number 070664773
040 ## - CATALOGING SOURCE
Original cataloging agency DLC
Transcribing agency DLC
Modifying agency BD-DhUET
082 00 - DEWEY DECIMAL CLASSIFICATION NUMBER
Classification number 621.2
Item number PIP/1980
100 1# - MAIN ENTRY--PERSONAL NAME
Personal name Pippenger, John J.
245 10 - TITLE STATEMENT
Title Industrial hydraulics
Statement of responsibility, etc. by John J. Pippenger and Tyler G. Hicks
250 ## - EDITION STATEMENT
Edition statement 3d ed.
260 ## - PUBLICATION, DISTRIBUTION, ETC. (IMPRINT)
Place of publication, distribution, etc. New York
Name of publisher, distributor, etc. McGraw-Hill
Date of publication, distribution, etc. 1980
300 ## - PHYSICAL DESCRIPTION
Extent vi, 440 p.
Other physical details ill.
Dimensions 25 cm.
650 #0 - SUBJECT ADDED ENTRY--TOPICAL TERM
Topical term or geographic name as entry element Hydraulic machinery
700 ## - ADDED ENTRY--PERSONAL NAME
Personal name Hicks, Tyler G.
942 ## - ADDED ENTRY ELEMENTS (KOHA)
Koha item type General Book
Holdings
Sublocation or collection (holding branch) Not for loan Piece designation (barcode) Shelving location Withdrawn status Lost status Damaged status Koha normalized classification for sorting Price effective from Source of classification or shelving scheme Koha full call number Copy number Koha item type Location (home branch) Date acquired Koha date last seen
Central Library, BUET 59770Circulation section   621_200000000000000_PIP19802014-12-07 621.2 /PIP/19804Contented Book Central Library, BUET2014-12-072014-12-07
Central Library, BUET 59771Circulation section   621_200000000000000_PIP19802014-12-07 621.2 /PIP/19805Contented Book Central Library, BUET2014-12-072014-12-07
Central Library, BUET 59772Circulation section   621_200000000000000_PIP19802014-12-07 621.2 /PIP/19806Contented Book Central Library, BUET2014-12-072014-12-07
Central Library, BUET 56769Circulation section   621_200000000000000_PIP19802014-12-07 621.2 /PIP/19801Contented Book Central Library, BUET2014-12-072014-12-07
Central Library, BUET 59773Circulation section   621_200000000000000_PIP19802014-12-07 621.2 /PIP/19807Contented Book Central Library, BUET2014-12-072014-12-07
Central Library, BUET 59776Circulation section   621_200000000000000_PIP19802014-12-07 621.2 /PIP/198010Contented Book Central Library, BUET2014-12-072014-12-07
Central Library, BUET 56770Circulation section   621_200000000000000_PIP19802014-12-07 621.2 /PIP/19802Contented Book Central Library, BUET2014-12-072014-12-07
Central Library, BUET 59775Circulation section   621_200000000000000_PIP19802014-12-07 621.2 /PIP/19809Contented Book Central Library, BUET2014-12-072014-12-07
Central Library, BUET 59769Circulation section   621_200000000000000_PIP19802014-12-07 621.2 /PIP/19809Contented Book Central Library, BUET2014-12-072014-12-07
Central Library, BUET 59777Circulation section   621_200000000000000_PIP19802014-12-07 621.2 /PIP/198011Contented Book Central Library, BUET2014-12-072014-12-07
Central Library, BUET 59778Reading section   621_200000000000000_PIP_19802015-06-16 621.2/PIP/198012Reading ItemCentral Library, BUET2015-06-162015-06-16